Every Town in Andorra With a Map - Statistics

General Stats
  • This quiz has been taken 433 times
  • The average score is 10 of 44
Answers on the Map
Answers color-coded by a green-red scale on the quiz's map according to % correct below.
 
Answer Stats
Population Town % Correct
19,383 Andorra la Vella
97%
7,575 Encamp
60%
14,599 Escaldes-Engordany
56%
7,636 Sant Julià de Lòria
51%
5,353 La Massana
46%
3,034 Ordino
45%
2,213 Canillo
44%
1,943 Pas de la Casa
32%
1,641 Arinsal
28%
3,057 Santa Coloma
27%
514 Soldeu
27%
722 El Tarter
25%
246 Pal
25%
515 Erts
20%
1,001 Aixirivall
19%
219 El Serrat
18%
760 Sispony
18%
1,100 Vila
18%
866 Anyós
17%
860 La Cortinada
17%
1,070 Les Bons
17%
60 Meritxell
17%
208 Llorts
16%
53 Ansalonga
15%
108 Fontaneda
15%
163 Juberri
15%
208 Ransol
15%
53 Bixessarri
14%
70 Nagol
14%
64 El Forn
13%
23 Escàs
13%
4 Llumeneres
13%
47 Prats
13%
287 Sornàs
13%
72 Aixovall
11%
8 El Vilar
11%
770 Aldosa
10%
184 Aldosa
10%
228 Arans
10%
53 Segudet
10%
13 Els Plans
8%
292 Incles
8%
197 Auvinyà
6%
71 Certés
5%
No matching quizzes found
Score Distribution
Percent of People with Each Score
Percentile by Number Answered
Your Score History
You have not taken this quiz